00471 2200181 4500245005600000020002200056250001100078100001800089700001600107700001900123650001700142005001900159260004100178041001400219084001300233300003400246336000900280 aDemonic Detective Neuro Vol. 7cMatsui, YuseihText a978-602-02-4311-5 aCet. 1 aMatsui, Yusei aNia Ikasary aJuan Hadrianus aKomik Jepang a20230905080813 aJakartabElex Media Komputindoc2014 aIndonesia a741.5592 a... jil. :bilus. ;c17,5 cm. atext